Tilastot visalle Yhdistyneen kuningaskunnan suurimmat kaupungit

Klikkaa tästä pelataksesi tätä visaa!

Yleistilastot

  • Tätä visaa on pelattu 1 296 kertaa
    (498 viimeisimmän päivityksen jälkeen)
  • Keskiarvotulos 12 / 24

Vastaustilastot

VäkilukuKaupunki% Oikein
10 552 913Lontoo
99%
2 737 412Manchester
92%
895 385Liverpool
91%
529 580Edinburgh
79%
2 594 803Birmingham
77%
1 026 880Glasgow
74%
464 269Cardiff
62%
1 877 125Leeds
62%
622 000Belfast
58%
790 461Newcastle
56%
761 541Nottingham
53%
888 340Southampton
52%
692 851Sheffield
51%
494 419Brighton ja Hove
47%
680 527Bristol
47%
559 367Leicester
40%
490 037Bournemouth
29%
389 603Coventry
23%
382 687Stoke-on-Trent
22%
334 224Sunderland
22%
355 440Reading
21%
383 552Middlesbrough
20%
328 859Preston
16%
331 350Birkenhead
9%

Tulosjakauma

Persentiili vastausten määrän mukaan

Jokaisen tuloksen saaneiden osuus

Tuloshistoriasi

Et ole pelannut tätä visaa sen viimeisimmän päivityksen jälkeen